COMS Tech inter Library resource network service (A-D) (Record no. 298493)
[ view plain ]
| 000 -LEADER | |
|---|---|
| fixed length control field | 00292 a2200121 4500 |
| 001 - CONTROL NUMBER | |
| control field | 63420 |
| 082 ## - DEWEY DECIMAL CLASSIFICATION NUMBER | |
| Classification number | 025.35 COM |
| 090 ## - LOCALLY ASSIGNED LC-TYPE CALL NUMBER (OCLC); LOCAL CALL NUMBER (RLIN) | |
| -- | 37476 |
| -- | 37476 |
| 100 ## - MAIN ENTRY--PERSONAL NAME | |
| Personal name | COMS Tech |
| 245 ## - TITLE STATEMENT | |
| Title | COMS Tech inter Library resource network service (A-D) |
| Medium | English |
| 250 ## - EDITION STATEMENT | |
| Edition statement | Vol.I |
| 260 ## - PUBLICATION, DISTRIBUTION, ETC. | |
| Name of publisher, distributor, etc. | Comes Tech |
| 942 ## - ADDED ENTRY ELEMENTS (KOHA) | |
| Institution code [OBSOLETE] | CAE NUST |
| Call number prefix | 025.35 COM |
| Withdrawn status | Lost status | Damaged status | Not for loan | Collection code | Permanent Location | Current Location | Date acquired | Total Checkouts | Full call number | Barcode | Date last seen | Price effective from | Koha item type |
|---|---|---|---|---|---|---|---|---|---|---|---|---|---|
| College of Aeronautical Engineering (CAE) | College of Aeronautical Engineering (CAE) | 04/03/2017 | 025.35 COM | CAEG-5470 | 04/05/2017 | 04/05/2017 | Book |
